000
002880000a22000970004500
100
1
_a
Lambrecht, Jan
245
1
0
_a
Paul's boasting about the Corinthians. A study of 2 Cor. 8:24-9:5
300
_a
Vol. 40, Num. 4 (Octubre, 1998), Páginas 352-368
773
0
_t
Novum Testamentum
942
_c
ANA
999
_c
57046
_d
57046